| 000 | 00463cam a2200205 4500 | ||
|---|---|---|---|
| 001 | D9005 | ||
| 008 | 090401t1983 xxu||||| |||| 00| 0 eng d | ||
| 035 | _a(Sirsi) u16840 | ||
| 041 | _aeng | ||
| 050 | _a808.066 | ||
| 100 | _aStapleton, Tim | ||
| 245 | _aPleased to report | ||
| 260 |
_aLondon _bEstates Gazette _c1983 |
||
| 300 | _ax. 228p. 22cm | ||
| 350 | _a9.5 | ||
| 650 | _aEVIDENCE | ||
| 650 | _aREPORT WRITING | ||
| 942 | _n0 | ||
| 948 | _c04/03/1997 | ||
| 999 |
_c87453 _d87453 |
||